000 00720nam a2200217Ia 4500
008 240729s9999 xx 000 0 und d
022 _a2581-1223
245 0 _aIJAIT (International Journal of Applied Information Technology)
260 _aIndonesia
260 _bSchool of Applied Science, Telkom University
650 _a Electronic computers. Computer science
650 _a Industrial engineering. Management engineering
650 _a Information technology | Science
650 _a Instruments and machines
650 _a Mathematics
650 _a Technology (General)
650 _aTechnology
856 _uhttps://doaj.org/toc/25cd6d8914c3431aa208e6c3fb3987f3
942 _2ddc
942 _cDOAJEJ
999 _c70767
_d70767
945 _a1
_bMadushi Gamage
_c1
_dMadushi Gamage